| 000 | 00787nam a2200265Ia 4500 | ||
|---|---|---|---|
| 003 | OSt | ||
| 005 | 20221005042618.0 | ||
| 006 | a|||||r|||| 00| 0 | ||
| 007 | ta | ||
| 008 | 221004b |||||||| |||| 00| 0 eng d | ||
| 020 | _a0412755009 | ||
| 024 | _a29115 | ||
| 037 | _cTextual | ||
| 040 |
_aCRL _cCRL _beng |
||
| 041 |
_2eng _aeng |
||
| 082 | _aE9Hk, N9 (RR) | ||
| 245 | 0 | _aEncyclopedia of Geochemistry edited by Clare P Marshall and Rhodes W Fairbridge | |
| 260 |
_aDordrecht _bKluwer Academic Publishers _c1999 |
||
| 300 |
_a712 _ccm. |
||
| 490 | _aEncyclopedia of Earth Sciences series edited by Rhodes W Fairbridge | ||
| 650 | _a CHEMISTRY | ||
| 650 |
_aGEOCHEMISTRY _9590685 |
||
| 942 |
_hE9Hk, N9 (RR) _cTEXL _2cc |
||
| 999 |
_c950591 _d950591 |
||